000 00847nam0a22002411 4500
001 rc\2817448
005 20260407141815.0
035 _a(NLR Aleph) 006943154
090 _a5171569
_c5171569
100 _a20110915d1936 |||y0rusy50 ca
101 0 _arus
102 _aRU
105 _ae z |||||
200 1 _aСовхозы Наркомсовхозов СССР в 1935 г.
_eПолеводство
_e[Стат. материалы]
210 _aМосква
_cтип. им. Котлякова
_d1936
_eЛенинград
215 _aСуп.-обл., переплет, XXXVI, 575, [1] с.
_d23x16 см.
710 0 1 _aСССР
_bГлавное упр. мясосовхозов
_3RU\NLR\AUTH\8810010551
_9518764
801 0 _aRU
_bNLR
_gpsbo
801 1 _aRU
_bELAR
_2rusmarc
852 _aNLR
_j36-4/949
942 _cBOOK
980 _aNB